000 00341nam a2200133 a 4500
005 20141022142001.0
008 100916s19uu xx 00 eng d
050 _aDVD
_bG11 200-
100 _aGold, Michael
245 _aMaking your website work:
_bfor your user.
260 _bStandford University,
_c200-
650 _aDVD
942 _cAVM
999 _c276258
_d276258